000 00467nam a2200169 a 4500
005 20140310183440.0
008 080404s19uu xx 00 eng d
020 _a1-904994-02-4
050 _aAG 243
_b.G87 2005
245 _aGuinness world records 2006 /
260 _aU.S.A :
_bGuinness World Records Ltd,
_c2006.
300 _a287 p. :
_bcol. ill. ;
_c30 cm.
650 _aAlmanacs.
650 _aCuriosities and comedies.
942 _cBK
_2lcc
999 _c23046
_d23046